Central Library OPAC University of Rajshahi

কাঙাল হরিনাথ মজুমদার : (Record no. 40163)

MARC details
000 -LEADER
fixed length control field 01114nam a2200241 a 4500
001 - CONTROL NUMBER
control field 40163
003 - CONTROL NUMBER IDENTIFIER
rucl marc code BD-RjUL
005 - DATE AND TIME OF LATEST TRANSACTION
control field 20211209053142.0
008 - FIXED-LENGTH DATA ELEMENTS--GENERAL INFORMATION
fixed length control field 170502r19961988bg a||| b||| 001 0dben d
020 ## - INTERNATIONAL STANDARD BOOK NUMBER
International Standard Book Number 9840733621
Terms of availability : Tk. 60.00
035 ## - SYSTEM CONTROL NUMBER
System control number (BD-RjUL)40278
040 ## - CATALOGING SOURCE
Original cataloging agency BD-RjUL
Language of cataloging ben
Transcribing agency BD-RjUL
041 ## - LANGUAGE CODE
Language code of text/sound track or separate title ben
082 ## - DEWEY DECIMAL CLASSIFICATION NUMBER
Edition number 23
Classification number 891.44092
Author mark and year CHK 1996
100 1# - MAIN ENTRY--PERSONAL NAME
Personal name চৌধুরী, আবুল আহসান
9 (RLIN) 123660
245 10 - TITLE STATEMENT
Title কাঙাল হরিনাথ মজুমদার :
Remainder of title ১৮৩৩-১৮৯৬ /
Statement of responsibility, etc. আবুল আহসান চৌধুরী
260 ## - PUBLICATION, DISTRIBUTION, ETC. (IMPRINT)
Place of publication, distribution, etc. ঢাকা :
Name of publisher, distributor, etc. বাংলা একাডেমী,
Date of publication, distribution, etc. ১৯৮৮ [পুনর্মুদ্রণ ১৯৯৬]
300 ## - PHYSICAL DESCRIPTION
Pagination [১২] ১২৭ পৃ. :
Illustrations চিত্র. ;
Size ২৫ সেমি.
504 ## - BIBLIOGRAPHY, ETC. NOTE
Bibliography, etc গ্রন্থপঞ্জি ও নির্ঘন্ট সংযুক্ত
600 ## - SUBJECT ADDED ENTRY--PERSONAL NAME
Personal name মজুমদার, কাঙাল হরিনাথ
Dates associated with a name ১৮৩৩-১৮৯৬
General subdivision জীবনী
Personal name Majumdar, Kangal Harinath
Dates associated with a name 1833-1896
General subdivision Biography
942 ## - ADDED ENTRY ELEMENTS (KOHA)
Source of classification or shelving scheme Dewey Decimal Classification
Koha item type Books
Holdings
Lost status Source of classification or shelving scheme Damaged status Not for loan Collection code Permanent Location Current Location Shelving location Date acquired Source of acquisition Cost, normal purchase price Total Checkouts Full call number Date last seen Copy number Koha item type
  Dewey Decimal Classification     Non-fiction Central Library, University of Rajshahi Central Library, University of Rajshahi   01/06/2011 Bangla Academi, Dhaka 60.00   B 891.44092 CHK 1996 23/04/2016 C-2 Books
  Dewey Decimal Classification   Not For Loan Non-fiction Central Library, University of Rajshahi Central Library, University of Rajshahi Reading Room 21/06/1990 Rajshahi Academy 45.00   B 891.44092 CHK 1988 02/05/2017 C-1 Books